Harry Styles Song Lyrics - Statistics

General Stats
  • This quiz has been taken 344 times
  • The average score is 12 of 15
Answer Stats
Hint Answer % Correct
And all the boys, they were sayin' they were into itSuch a pretty face on a pretty neck Kiwi
92%
You're just in time, make your tea and your toastYou framed all your posters and dyed your clothes, ooh Matilda
91%
Sends his assistant for coffee in the afternoonAround 1:32 Like he knows what to do She
90%
You said you careAnd you missed me too And I'm well aware I write too many songs about you Falling
86%
Quick pause in conversationShe plays songs I've never heard Canyon Moon
84%
I'm hopeless, brokenSo you wait for me in the sky Golden
84%
Reading your horoscope, you were just doing cocaineIn my kitchen, you never listen, I hope you're missing me by now Daylight
83%
Stay green a little whileYou bring blue lights to dreams Little Freak
83%
Maybe one day you'll call me and tell me that you're sorry tooBut you, you never do From The Dining Table
78%
Broke a finger knocking on your bedroom doorI got splinters in my knuckles crawling across the floor Only Angel
78%
We share the last lineThen we drink the wall 'Til we wanna talk Satellite
78%
There's not a drink that I think could sink herHow would I tell her that she's all I think about? Carolina
73%
I don't know you half as well as all my friendsI won't pretend that I've been doin' everything I can Love of My Life
69%
Thought that we could hide away in a corner of the heathThere's never been someone who's so perfect for me Grapejuice
66%
We don't talk about itIt's something we don't do 'Cause once you go without it Nothing else will do Meet Me In The Hallway
61%
No matching quizzes found
Score Distribution
Percent of People with Each Score
Percentile by Number Answered
Your Score History
You have not taken this quiz